Semiparametric regression for the social sciences (Record no. 4247)

MARC details
000 -LEADER
fixed length control field 00491 a2200169 4500
000 - LEADER
fixed length control field BKB
001 - CONTROL NUMBER
control field 070824
005 - DATE AND TIME OF LATEST TRANSACTION
control field 20200902150905.0
008 - FIXED-LENGTH DATA ELEMENTS--GENERAL INFORMATION
fixed length control field
082 ## - DEWEY DECIMAL CLASSIFICATION NUMBER
Classification number 519.536
Item number K24S
100 1# - MAIN ENTRY--PERSONAL NAME
Personal name Keele, Luke
245 1# - TITLE STATEMENT
Title Semiparametric regression for the social sciences
Statement of responsibility, etc by Luke Keele
260 ## - PUBLICATION, DISTRIBUTION, ETC. (IMPRINT)
Place of publication, distribution, etc England
Name of publisher, distributor, etc John Wiley & Sons
Date of publication, distribution, etc 2008
300 ## - PHYSICAL DESCRIPTION
Extent 213p.
690 ## - LOCAL SUBJECT ADDED ENTRY--TOPICAL TERM (OCLC, RLIN)
Topical term or geographic name as entry element Nonparametric statistics; Regression analysis
964 ## -
--
-- ENG
--
--
--
--
--
Holdings
Withdrawn status Lost status Damaged status Not for loan Home library Current library Date acquired Cost, normal purchase price Total Checkouts Full call number Barcode Date last seen Price effective from Koha item type
        Central University Of Rajasthan Central University Of Rajasthan 07/03/2012 3621.60   519.536 K24S 5111 21/11/2024 02/09/2020 Books